Thiết kế hệ thống điện

में बचाया:
ग्रंथसूची विवरण
स्वरूप: Sách
भाषा:Undetermined
प्रकाशित:  Đại học Quốc gia Tp. Hồ Chí Minh  2012
विषय:
टैग : टैग जोड़ें
कोई टैग नहीं, इस रिकॉर्ड को टैग करने वाले पहले व्यक्ति बनें!
Thư viện lưu trữ: Trung tâm Thư viện - Trường Đại học Công nghiệp TP. Hồ Chí Minh
LEADER 00461nam a2200133Ia 4500
001 UIH_03051
008 231011s9999 xx 000 0 und d
082 |a  621.3191 
245 0 |a  Thiết kế hệ thống điện 
260 |b  Đại học Quốc gia Tp. Hồ Chí Minh 
260 |c  2012 
650 |a  Hệ thống điện;  
927 |a Sách 
980 |a Trung tâm Thư viện - Trường Đại học Công nghiệp TP. Hồ Chí Minh